000 00601nam a2200193Ii 4500
003 JO-AjNU
008 230605s9999||||xx |||||||||||||| ||und||
040 _aJO-AjNU
_bara
_erda
_cJO-AjNU
041 _aara
050 1 4 _aBP193.13.N3322
100 3 _aالنفيس، أحمد راسم,
_eauthor
_97384
245 0 0 _aعلى خطى الحسين عليه السلام
264 3 1 _aد.: د.ن، د.ت
300 _a153ص
336 _atext
_btxt
_2rdacontent
337 _aunmediated
_bn
_2rdamedia
338 _avolume
_bnc
_2rdacarrier
650 4 _aعقائد الشيعة- الحسين بن علي
_97385
999 _aA252
_c3820
_d3820